|
|
|
|
| LEADER |
00000nab a2200000 ar4500 |
| 001 |
vtls010078204 |
| 003 |
SK-MaSNL |
| 005 |
20260303194529.0 |
| 008 |
100322c1974 xo |r|p|||||||000 b|slo |
| 015 |
|
|
|a SNBRB1974
|
| 038 |
|
|
|a SNKBUCL
|
| 040 |
|
|
|a SNKBUCL
|b slo
|c SNKBUCL
|e AACR2
|
| 041 |
|
|
|a slo
|
| 044 |
|
|
|a xo
|c SK
|
| 080 |
|
|
|a 78.071.2:785.6
|2 2001
|
| 080 |
|
|
|a 785.6
|2 2001
|
| 245 |
0 |
0 |
|a Umelecká spoveď majstra
|b Dean Dixon so Slovenskou filharmóniou
|c [autor] (ki)
|
| 610 |
2 |
7 |
|a Slovenská filharmónia
|2 snkbucl
|9 145774
|
| 648 |
|
7 |
|a 1974
|2 snkbucl
|9 337786
|
| 773 |
0 |
|
|t Ľud
|g (17.12.1974), s. 5
|
| 852 |
|
|
|a SNK
|b KIS3GCP
|
| 958 |
|
|
|a SK
|
| 999 |
|
|
|c 2158142
|d 2160072
|